Northernmost Cities in New York - Statistics

General Stats
  • This quiz has been taken 6 times
  • The average score is 3 of 10
Answer Stats
Latitude
(N)
City % Correct
43.15 Rochester
83%
44.70 Plattsburgh
67%
43.31 Glens Falls
33%
43.09 Niagara Falls
33%
43.45 Oswego
33%
43.97 Watertown
33%
44.69 Ogdensburg
17%
43.21 Rome
17%
43.10 Utica
17%
43.17 Lockport
0%
No matching quizzes found
Score Distribution
Percent of People with Each Score
Percentile by Number Answered
Your Score History
You have not taken this quiz